000 00312nam a2200133Ia 4500
005 20251222155108.0
008 251222s9999||||xx |||||||||||||| ||spa||
082 _aMEQ. 33.7
100 _aRESTREPO M.
245 0 _aEnfermedades Infecciosas 3era. Edición
250 _a3ra. ed.
264 _bCIB
942 _cLIB
999 _c37949
_d37949